LEADER 01911nam2 22003853i 450 001 VAN0084178 005 20230315110957.431 010 $a06-8307-893-3 100 $a20110609d1986 |0itac50 ba 101 $aeng 102 $aGB 105 $a|||| ||||| 200 0 $a2$fPeter H. A. Sneath editor$gNicholas S. Mair associate editor, M. Elisabeth Sharpe associate editor 210 $aBaltimore$cWilliams & Wilkins$d1986 215 $aXXIII, 965-1599 p.$cill.$d29 cm 461 1$1001VAN0020672$12001 $aBergeys manual of systematic bacteriology$fJohn G. Holt editor-in-chief$geditorial board R. G. E. Murray ... [et. al.]$1210 $aBaltimore$cWilliams & Wilkins$d1984-1989$1215 $a4 volumi$cill.$d29 cm.$v2 620 $dBaltimore$3VANL001083 676 $a579.3$cBiologia dei microrganismi. Procarioti. Batteri$v22 702 1$aMair$bS. Nicholas$3VANV082527 702 1$aSharpe$bM. Elisabeth$3VANV069344 702 1$aSneath$bPeter H. A.$3VANV069345 712 $aWilliams & Wilkins $3VANV108546$4650 790 1$aMair, S. N.$zMair, S. Nicholas$3VANV103185 790 1$aMair, S.N.$zMair, S. Nicholas$3VANV209087 790 1$aSharpe, M. E.$zSharpe, M. Elisabeth$3VANV103183 790 1$aSharpe, M.E.$zSharpe, M. Elisabeth$3VANV209086 790 1$aSneath, Peter Henry Andrews$zSneath, Peter H. A.$3VANV069346 790 1$aSneath, P. H. A.$zSneath, Peter H. A.$3VANV103184 790 1$aSneath, P.H.A.$zSneath, Peter H. A.$3VANV209085 801 $aIT$bSOL$c20230616$gRICA 899 $aBIBLIOTECA DEL DIPARTIMENTO DI SCIENZE E TECNOLOGIE AMBIENTALI BIOLOGICHE E FARMACEUTICHE$1IT-CE0101$2VAN17 912 $aVAN0084178 950 $aBIBLIOTECA DEL DIPARTIMENTO DI SCIENZE E TECNOLOGIE AMBIENTALI BIOLOGICHE E FARMACEUTICHE$d17CONS Ra33/2 $e17DSV256/2 20110609 $sBuono 996 $a2$961340 997 $aUNICAMPANIA LEADER 01984nam0 2200409 i 450 001 VAN0125524 005 20220914030112.976 017 70$2N$a9783319745824 100 $a20191118d2018 |0itac50 ba 101 $aeng 102 $aCH 105 $a|||| ||||| 200 1 $aConcepts, Methods and Applications of Quantum Systems in Chemistry and Physics$eSelected proceedings of QSCP-XXI (Vancouver, BC, Canada, July 2016)$feds. Yan A. Wang ... [et al.] 210 $aCham$cSpringer$d2018 215 $aXIII, 407 p.$cill.$d24 cm 410 1$1001VAN0124072$12001 $aProgress in Theoretical Chemistry and Physics$1210 $aCham$cSpringer$d2000-$v31 620 $aCH$dCham$3VANL001889 676 $a539$cFisica quantistica$v22 676 $a530.417$cFisica superficiale$v22 676 $a616.079$cImmunologia$v22 676 $a572.633$cStruttura molecolare$v22 676 $a540$cChimica generale$v22 676 $a541.22$cChimica teorica. Struttura molecolare$v22 676 $a530.4175$cFilm sottili$v22 676 $a541.24$cStruttura atomica$v22 702 1$aWang$bYan A.$cchimico$3VANV204506 712 $aSpringer $3VANV108073$4650 790 1$aWang, Y. A.$zWang, Yan A. $3VANV214047 790 1$aWang, Y.A.$zWang, Yan A. $3VANV214046 801 $aIT$bSOL$c20240614$gRICA 856 4 $uhttps://link.springer.com/book/10.1007/978-3-319-74582-4$zE-book - Accesso al full-text attraverso riconoscimento IP di Ateneo, proxy e/o Shibboleth 899 $aBIBLIOTECA DEL DIPARTIMENTO DI SCIENZE E TECNOLOGIE AMBIENTALI BIOLOGICHE E FARMACEUTICHE$1IT-CE0101$2VAN17 912 $fN 912 $aVAN0125524 950 $aBIBLIOTECA DEL DIPARTIMENTO DI SCIENZE E TECNOLOGIE AMBIENTALI BIOLOGICHE E FARMACEUTICHE$d17CONS e-book 2112 $e17BIB2112/194 194 20191118 996 $aConcepts, Methods and Applications of Quantum Systems in Chemistry and Physics$91566602 997 $aUNICAMPANIA